000 00914cam a2200277 a 4500
999 _c6650
_d6650
001 4482623
003 OSt
005 20210331153117.0
008 960828s1996 moua b 001 0 eng d
010 _a 96199893
020 _a0815198523 (pbk.)
035 _a(OCoLC)35312930
040 _aKyLxTI
_cKyLxTI
_dDLC
042 _alccopycat
082 0 0 _a534.55 ZAG 1996
100 1 _aZagzebski, James A.
_913679
245 1 0 _aEssentials of Ultrasound Physics
260 _aSt. Louis :
_bMosby,
_c1996.
300 _axi, 220 p. :
_bcol.ill ;
_c28 cm.
504 _aIncludes bibliographical references and index.
650 0 _aPhysics radiation
_913680
650 0 _aUltrasound
_913681
906 _a7
_bcbc
_ccopycat
_d2
_encip
_f19
_gy-gencatlg
942 _2ddc
_cO_SHELF